000 01065nam0a22002891 4500
001 RU\INFOCOMM_318\5000050646
005 20250613102213.0
035 _a(NLR Aleph) 009430591
090 _a8281235
_c8281235
100 _a20121112d1986 |||y0rusy50 ca
101 1 _afre
102 _aRU
105 _ay z |||||
200 1 _aL'homme soviétique
_ePeintures des artistes sov., années 1960-1980
_e[Album
_fRéalisation et introd. de V. A. Leniachine
_gTrad. de V. M. Multatuli]
210 _aL.
_cAurora
_d1986
215 _a26, [5] с., [90] л. цв. ил.
_cцв. ил.
_d33 см
300 _aВ вып. дан.: Люди земли советской : Альбом
606 _aЖивопись
_yСССР
_9892485
_3RU\NLR\AUTH\662747
620 _aСанкт-Петербург
686 _aЩ143(2)7
_2rubbk
702 1 _9z01790
_aLenjašin
_bV. A.
_gVladimir Alekseevič
_4220
790 1 _9z01702
_aLeniachine
_bV. A.
_4220
801 1 _aRU
_bNLR
_c20121112
801 0 _aRU
_bINFOCOMM
_gPSBO
852 _aNLR
_jЭ АлИс495/2-100
942 _cBOOK
980 _aNB